Name Someone Who was There #1 - Statistics

General Stats
  • This quiz has been taken 38 times
    13 since last reset
  • The average score is 12 of 20
Answer Stats
Date Event - Location # of People Participants % Correct
c. 30-33 AD The Last Supper - Jerusalem 13 Jesus | Simon Peter | Andrew | James "son of Zebedee" | John | Philip | Bartholomew | Thomas | Matthew | James "son of Alphaeus" | Thaddaeus | Simon | Judas Iscariot
100%
August 12, 30 BC Royal Death - Alexandria, Egypt 3 Cleopatra VII | Charmion | Iras
91%
August 31, 1997 Fatal Car Accident - Pont de L'Alma Tunnel, Paris, France 4 Diana, Princess of Wales | Dodi Fayed | Henri Paul | Trevor Rees-Jones
91%
February 4-11, 1945 The Yalta Conference - Yalta, Soviet Union 5 Franklin D. Roosevelt | Winston Churchill | Joseph Stalin | Anthony Edin | Vyacheslav Molotov
91%
July 20, 1969 - December 14, 1972 On the Moon 12 Neil Armstrong | Buzz Aldrin | Pete Conrad | Alan Bean | Alan Shepard | Edgar Mitchell | David Scott | James Irwin | John Young | Charles Duke | Gene Cernan | Harrison Schmitt
91%
June 28, 1914 Assassination that Precipitated WW I - Sarajevo, Bosnia and Herzegovina 6 Archduke Franz Ferdinand | Duchess Sophie of Hohenberg | Oskar Potiorek | Lieutenant Colonel Count Franz von Harrach | Leopold Lojka | Gavrilo Princip
82%
October 24-29, 1927 The Fifth Solvay Conference on Physics - Brussels, Belgium 29 Albert Einstein | Niels Bohr | Werner Heisenberg | Erwin Schrodinger | Paul Dirac | Max Planck | Marie Curie | Auguste Piccard | Emile Henriot | Paul Ehrenfest | Edouard Herzen | Theophile De Donder | Jules-Emile Verschaffelt | Wolfgang Pauli | Ralph Fowler | Leon Brillouin | Peter Debye | Martin Knudsen | William Bragg | Hans Kramers | Arthur Compton | Louis Raymond | Max Born | Irving Langmuir | Hendrik Lorentz | Paul Langevin | Charles-Eugene Guye | Charles Wilson | Owen Richardson
73%
May 29, 1953 First Successful Ascent of Mount Everest - Nepal/Tibet 2 Edmund Hillary | Tenzing Norgay
73%
May 20, 1604 Meeting of The Gunpowder Plot Conspirators - London, England 5 Guy Fawkes | Robert Catesby | Thomas Wintour | Thomas Percy | John Wright
73%
December 14, 1911 First Visit to the South Pole 5 Roald Amundsen | Olav Bjaaland | Helmeer Hanssen | Sverre Hassel | Oscar Wisting
73%
July 2, 1937 Lockheed Electra Airplane - Near Howland Island, Pacific Ocean 2 Amelia Earhart | Fred Noonan
64%
July 22, 1992 "Greatest Game Nobody Saw" - U.S. Olympic Dream Team Scrimmage - Monte Carlo, Monaco 10 Michael Jordan | Magic Johnson | Scottie Pippen | Larry Bird | Karl Malone | Patrick Ewing |Christian Laettner | Chris Mullen | Charles Barkley | David Robinson.
64%
February 28, 1953 Discovery of DNA Double-Helix - Cambridge University, Cambridge, England 2 James Watson | Francis Crick
55%
September 13, 1982 Fatal Car Accident - Cap-d'Ail, near La Turbie, France 2 Grace Kelly | Stephanie Marie Grimaldi
45%
November 1922 Burial Chamber of King Tutankhamun - Valley of the Kings, Egypt 3 Howard Carter | Lord Carnarvon | Lady Evelyn Herbert
36%
May 6, 1954 Breaking of the Four-Minute Mile - Iffley Road Track, Oxford, England 8 Roger Bannister | Christopher Chataway | Chris Brasher | Tom Hulatt | Alan Gordon | George Dole | Norris McWhirter | Franz Stampfl
36%
November 8, 1895 Discovery of X-rays - Würzburg, Germany 1 Wilhelm Röntgen
36%
July 17, 1918 Regicide/Execution - Ipatiev House, Yekaterinburg, Russia 20 Tsar Nicholas II Romanov | Alexandra Romanov | Olga Romanov | Tatiana Romanov | Maria Romanov | Anastasia Romanov | Alexei Romanov | Dr. Eugene Botkin | Anna Demidova | Alexei Trupp | Ivan Kharitonov | Yakov Yurovsky | Grigory Nikulin | Mikhail Medvedev | Peter Eemakov | Stepan Vaganov | Alexei Kabanov | Pavel Medvedev | V.N. Neterbin | Y.M. Tselms
27%
April-May 1916 Lifeboat Journey from Elephant Island to South Georgia Island - Southern Ocean 6 Ernest Shackleton | Frank Worsley | Tom Crean | John Vincent | Timothy McCarthy | Harry McNish
18%
April 6, 1909 First Visit to the North Pole (Disputed) 6 Robert Peary | Matthew Henson | Ootah | Egingwah | Seegloo | Ooqueah
18%
No matching quizzes found
Score Distribution
Percent of People with Each Score
Percentile by Number Answered
Your Score History
You have not taken this quiz since the last reset